Pablo Picasso.
Guardado en:
| Formato: | |
|---|---|
| Materias: | |
| Etiquetas: |
Agregar Etiqueta
Sin Etiquetas, Sea el primero en etiquetar este registro!
|
| LEADER | 00803ngm a22002415g 4500 | ||
|---|---|---|---|
| 001 | CEM.cems022381 | ||
| 008 | 130507b1998##################0###0#####d | ||
| 005 | 20241031144639.0 | ||
| 245 | 0 | 0 | |a Pablo Picasso. |
| 300 | |a 33'. | ||
| 500 | |a En soporte VHS, consultar en ventanilla. | ||
| 505 | 0 | |a Picasso: sus obras. Tránsito desde la pintura figurativa hacia lo abstracto. Cubismo. Recorrido de sus obras y su vida. | |
| 538 | |a Soporte: VHS - Norma: Pal N - Color: Si - Grabación DRD 1998 - Hitachi=4310 | ||
| 082 | 7 | 5 | |/ DNI |
| 653 | |a ARTE | ||
| 653 | |a HISTORIA DEL ARTE | ||
| 653 | |a PINTURA | ||
| 653 | |a PICASSO | ||
| 653 | |a CUBISMO | ||
| 653 | |a BIOGRAFIAS | ||
| 653 | |a NIVEL PRIMARIO | ||
| 653 | |a NIVEL SECUNDARIO | ||
| 859 | |a CEMS |b BIB. CEMS - Depto. Recursos Didacticos |h 751 |i DNI |k DRD |p 1024.12 |t Ej.1 | ||
